Statistiken für Größte Städte der Welt nach Buchstabe - A

Klicken Sie hier um das Quiz zu spielen!

Allgemein

  • Dieses Quiz wurde 1,442 mal gespielt
  • Das Durchschnittsergebnis liegt bei 11 aus 20

Antwortstatistiken

Land Bevölkerung Stadt % Korrekt
Türkei4,85 Mio.Ankara
97%
Griechenland3,38 Mio.Athen
97%
Niederlande2,43 Mio.Amsterdam
93%
Algerien3,83 Mio.Algier
82%
Äthiopien3,65 Mio.Addis Abeba
74%
USA5,70 Mio.Atlanta
71%
Ägypten5,85 Mio.Alexandria
71%
Ghana5,10 Mio.Accra
68%
Jordanien5,30 Mio.Amman
65%
Paraguay2,28 Mio.Asunción
62%
Madagaskar2,38 Mio.Antananarivo
60%
Nigeria3,20 Mio.Abuja
50%
Syrien2,05 Mio.Aleppo
48%
USA1,86 Mio.Austin
41%
Elfenbeinküste5,35 Mio.Abidjan
33%
Kasachstan1,97 Mio.Almaty
32%
Indien2,18 Mio.Agra
29%
Indien8,00 Mio.Ahmedabad
26%
Türkei1,72 Mio.Adana
19%
China2,53 Mio.Anshan
7%

Verteilung der Resultate

Perzentil nach korrekt beantworteten Fragen

Anzahl Personen mit jedem Resultat

Ihre Resultats-Entwicklung

Sie haben dieses Quiz noch nicht gespielt